Correction: Determination of Comfort Levels and Spiritual Care Needs of Gynecologic Cancer Patients with Abdominal Drains: a Cross-Sectional Descriptive Study in Turkey

Saved in:  
Bibliographic Details
Authors: Yılmaz, Sakine (Author) ; Ordu, Yadigar (Author) ; Atalay, Funda (Author)
Format: Electronic Article
Language:English
Check availability: HBZ Gateway
Interlibrary Loan:Interlibrary Loan for the Fachinformationsdienste (Specialized Information Services in Germany)
Published: 2026
In: Journal of religion and health
Year: 2026, Volume: 65, Issue: 1, Pages: 1128
Online Access: Volltext (lizenzpflichtig)

MARC

LEADER 00000naa a22000002c 4500
001 1963130391
003 DE-627
005 20260227121204.0
007 cr uuu---uuuuu
008 260227s2026 xx |||||o 00| ||eng c
024 7 |a 10.1007/s10943-025-02472-7  |2 doi 
035 |a (DE-627)1963130391 
035 |a (DE-599)KXP1963130391 
040 |a DE-627  |b ger  |c DE-627  |e rda 
041 |a eng 
084 |a 0  |2 ssgn 
100 1 |a Yılmaz, Sakine  |e VerfasserIn  |0 (orcid)0000-0002-7406-1389  |4 aut 
245 1 0 |a Correction: Determination of Comfort Levels and Spiritual Care Needs of Gynecologic Cancer Patients with Abdominal Drains: a Cross-Sectional Descriptive Study in Turkey 
264 1 |c 2026 
336 |a Text  |b txt  |2 rdacontent 
337 |a Computermedien  |b c  |2 rdamedia 
338 |a Online-Ressource  |b cr  |2 rdacarrier 
601 |a Determination 
601 |a Spiritual 
601 |a Patient 
700 1 |a Ordu, Yadigar  |e VerfasserIn  |0 (orcid)0000-0002-4060-0487  |4 aut 
700 1 |a Atalay, Funda  |e VerfasserIn  |0 (orcid)0000-0001-6939-0666  |4 aut 
773 0 8 |i Enthalten in  |t Journal of religion and health  |d New York, NY [u.a.] : Springer Science + Business Media B.V., 1961  |g 65(2026), 1 vom: Feb., Seite 1128  |h Online-Ressource  |w (DE-627)320578089  |w (DE-600)2017250-3  |w (DE-576)121466191  |x 1573-6571  |7 nnas 
773 1 8 |g volume:65  |g year:2026  |g number:1  |g month:02  |g pages:1128 
856 4 0 |u https://doi.org/10.1007/s10943-025-02472-7  |x Resolving-System  |z lizenzpflichtig  |3 Volltext  |7 1 
951 |a AR 
ELC |a 1 
ITA |a 1  |t 1 
LOK |0 000 xxxxxcx a22 zn 4500 
LOK |0 001 4923328363 
LOK |0 003 DE-627 
LOK |0 004 1963130391 
LOK |0 005 20260227113923 
LOK |0 008 260227||||||||||||||||ger||||||| 
LOK |0 040   |a DE-Tue135  |c DE-627  |d DE-Tue135 
LOK |0 092   |o n 
LOK |0 852   |a DE-Tue135 
LOK |0 852 1  |9 00 
LOK |0 935   |a ixzs  |a ixzo 
LOK |0 939   |a 27-02-26  |b l01 
ORI |a TA-MARC-ixtheoa001.raw 
REL |a 1 
SUB |a REL